|
|
|
|
| LEADER |
00000nam#a22000001a#4500 |
| 001 |
00002222 |
| 003 |
AR-BaUAD |
| 005 |
20230908141616.0 |
| 008 |
951212s1970####ag#a|||##||||||||#||spa|d |
| 040 |
|
|
|a AR-BaUAD
|b spa
|c AR-BaUAD
|
| 041 |
|
|
|a spa
|
| 044 |
|
|
|c ar
|2 ISO3166-1
|
| 100 |
1 |
|
|a Moisset de Espanés, Daniel
|
| 245 |
1 |
0 |
|a Ejercicios de diseño estructural /
|c con la dirección del Prof. Dr. Ing. Curt Siegel
|
| 260 |
|
|
|a Tucumán :
|b Universidad nacionalk. Facultad de arquitectura y urbanismo,
|c [1970]
|
| 300 |
|
|
|a 41 p. :
|b il., diagrs.
|
| 500 |
|
|
|a Datos obtenidos de la cubierta.
|
| 500 |
|
|
|a Texto mimeografiado.
|
| 700 |
1 |
|
|a Holgado, Pablo
|
| 653 |
|
|
|a CONSTRUCCION
|
| 653 |
|
|
|a ESTRUCTURAS
|
| 653 |
|
|
|a CALCULO
|
| 655 |
|
|
|a TEXTO
|
| 852 |
|
|
|c 177-5
|
| 952 |
|
|
|0 0
|1 0
|4 0
|6 1775
|7 0
|9 29741
|a AR-BaUAD
|b AR-BaUAD
|d 0000-00-00
|e donac Arq. V. D. Dumas
|g 1000.00
|i 2222
|l 0
|o 177-5
|p mlhts2222
|r 2023-09-08 14:16:16
|w 2023-09-08
|y BK
|
| 952 |
|
|
|0 0
|1 0
|4 0
|7 0
|9 29742
|a AR-BaUAD
|b AR-BaUAD
|d 0000-00-00
|e donac
|i sin asentar, ni inventariar
|l 0
|p nd9lssin asentar, ni
|r 2023-09-08 14:16:16
|w 2023-09-08
|y BK
|
| 990 |
|
|
|a Ej. No1 : 2222 . 18/10/1978 -- donac Arq. V. D. Dumas -- (1000 pesos).
|b ADM
|
| 990 |
|
|
|a Ej. No2 : sin asentar, ni inventariar . 14/2/1984 -- donac (a40 pesos). (a40 australes).
|b ADM
|
| 990 |
|
|
|a CO197
|b TD
|
| 990 |
|
|
|a AAQ00002222
|b CC
|
| 998 |
|
|
|a AAQ
|b Bibun 76
|
| 942 |
|
|
|c BK
|
| 999 |
|
|
|c 13814
|d 13814
|